[Event "ThEM Meisterturnier Finsterbergen"]
[Site "?"]
[Date "1999.??.??"]
[Round "7"]
[White "Mueller, Matthias"]
[Black "Langheinrich, Ferenc"]
[Result "1-0"]
[WhiteElo "2395"]
[BlackElo "2280"]
[PlyCount "93"]
[EventDate "1999.??.??"]

1. e4 c5 2. Nf3 e6 3. d4 cxd4 4. Nxd4 a6 5. Nc3 d6 6. Be2 Nf6 7. O-O Be7 8. f4
O-O 9. Qe1 Qc7 10. Qg3 Nbd7 11. f5 Ne5 12. Bh6 Ne8 13. f6 Bxf6 14. Rxf6 Ng6 15.
Rxg6 fxg6 16. Be3 Nf6 17. e5 dxe5 18. Nf3 b5 19. Qxe5 Qxe5 20. Nxe5 Bb7 21. a3
Rfd8 22. Rd1 Rxd1+ 23. Bxd1 Rc8 24. Nd3 Nd7 25. a4 bxa4 26. Nxa4 Bd5 27. Nac5
Nxc5 28. Nxc5 a5 29. b3 Kf7 30. c4 Bc6 31. Bg4 Re8 32. Kf2 e5 33. Bd7 Bxd7 34.
Nxd7 Ke6 35. Nb6 Kd6 36. Bd2 Kc5 37. Bxa5 Kd4 38. Ke2 e4 39. Nd5 Ra8 40. b4 g5
41. Ne3 g6 42. c5 Ra6 43. Nc2+ Kc3 44. c6 Kc4 45. c7 Ra8 46. Na3+ Kd5 47. Nb5
1-0

[Event "ThEM Meisterturnier Finsterbergen"]
[Site "?"]
[Date "1999.??.??"]
[Round "7"]
[White "Paehtz, Thomas Jr"]
[Black "Kottwitz, Daniel"]
[Result "1/2-1/2"]
[WhiteElo "2160"]
[BlackElo "2120"]
[PlyCount "84"]
[EventDate "1999.??.??"]

1. Nc3 e6 2. e4 d5 3. d4 dxe4 4. Nxe4 Qd5 5. Nc3 Bb4 6. Nf3 Nf6 7. Bd2 Bxc3 8.
Bxc3 Ne4 9. Bd2 Nxd2 10. Qxd2 b6 11. Qf4 Qd6 12. Qe4 Qd5 13. Qg4 O-O 14. Bd3
Ba6 15. Bxa6 Nxa6 16. O-O Rac8 17. Rac1 c5 18. c4 Qb7 19. Rfd1 Rcd8 20. Qh4 Qa8
21. dxc5 Nxc5 22. h3 Ne4 23. Qe7 Rde8 24. Qh4 Nf6 25. Rd6 Rd8 26. Rcd1 Qb8 27.
Qd4 Rxd6 28. Qxd6 Qxd6 29. Rxd6 Rc8 30. Ne5 Kf8 31. f4 Rc7 32. Rd4 Ke7 33. Kf2
Nd7 34. Rxd7+ Rxd7 35. Nxd7 Kxd7 36. Ke3 Kd6 37. Kd4 f6 38. b4 Kc6 39. g4 Kd6
40. h4 h6 41. g5 h5 42. g6 a6 1/2-1/2

[Event "ThEM Meisterturnier Finsterbergen"]
[Site "?"]
[Date "1999.??.??"]
[Round "8"]
[White "Anschuetz, Mario"]
[Black "Kottwitz, Daniel"]
[Result "0-1"]
[WhiteElo "2115"]
[BlackElo "2120"]
[PlyCount "65"]
[EventDate "1999.??.??"]

1. e4 e6 2. d4 d5 3. exd5 exd5 4. c4 Nf6 5. Nc3 c6 6. h3 Bb4 7. Qb3 Qe7+ 8. Be3
Be6 9. c5 Bxc5 10. Nf3 Bd6 11. Bd3 h6 12. O-O b6 13. Rfe1 O-O 14. Qc2 Rc8 15.
Qd2 Nbd7 16. Re2 a6 17. Rf1 c5 18. Kh1 c4 19. Bb1 b5 20. Qc2 b4 21. Nd1 Ne4 22.
Nd2 Bf5 23. Nxe4 Bxe4 24. Qd2 Bxb1 25. Bxh6 Qf8 26. Ne3 Bd3 27. Bg5 Bxe2 28.
Qxe2 Re8 29. Qg4 Re6 30. Nf5 Nf6 31. Nh6+ Kh7 32. Qh4 gxh6 33. Bxf6 0-1

[Event "ThEM Meisterturnier Finsterbergen"]
[Site "?"]
[Date "1999.??.??"]
[Round "8"]
[White "Kirschbaum, Gunnar"]
[Black "Haensel, Thomas"]
[Result "0-1"]
[WhiteElo "2195"]
[BlackElo "2205"]
[PlyCount "56"]
[EventDate "1999.??.??"]

1. d4 Nf6 2. c4 g6 3. Nc3 Bg7 4. e4 d6 5. f4 O-O 6. Nf3 c5 7. d5 e6 8. Be2 exd5
9. cxd5 Bg4 10. O-O Re8 11. Nd2 Bxe2 12. Qxe2 Na6 13. a3 Nc7 14. Qf3 b5 15. b4
Nfxd5 16. Bb2 cxb4 17. axb4 Nxb4 18. Rac1 Ne6 19. f5 Nd4 20. Qh3 Rc8 21. Kh1
Qg5 22. Nf3 Nxf3 23. Qxf3 gxf5 24. Rcd1 Qg4 25. exf5 Qxf3 26. Rxf3 Be5 27. Ba1
Nc2 28. Bb2 a5 0-1

[Event "ThEM Meisterturnier Finsterbergen"]
[Site "?"]
[Date "1999.??.??"]
[Round "8"]
[White "Langheinrich, Ferenc"]
[Black "Paehtz, Thomas Jr"]
[Result "1/2-1/2"]
[WhiteElo "2280"]
[BlackElo "2160"]
[PlyCount "48"]
[EventDate "1999.??.??"]

1. Nf3 Nf6 2. c4 g6 3. b4 Bg7 4. Bb2 O-O 5. e3 c6 6. Be2 d5 7. cxd5 cxd5 8. O-O
Bg4 9. d3 Nbd7 10. Nbd2 Qb6 11. Qb3 Rfc8 12. Rac1 Qd8 13. h3 Bxf3 14. Bxf3 e6
15. e4 Nb6 16. Rxc8 Rxc8 17. Rd1 Qc7 18. a4 Qc2 19. a5 Qxb3 20. Nxb3 Nbd7 21.
Bd4 Bf8 22. exd5 Nxd5 23. Bxa7 Bxb4 24. Bd4 Rc2 1/2-1/2

[Event "ThEM Meisterturnier Finsterbergen"]
[Site "?"]
[Date "1999.??.??"]
[Round "8"]
[White "Rohmeiss, Roberto"]
[Black "Mueller, Matthias"]
[Result "0-1"]
[WhiteElo "2030"]
[BlackElo "2395"]
[PlyCount "100"]
[EventDate "1999.??.??"]

1. d4 d5 2. c4 e6 3. Nc3 c6 4. cxd5 exd5 5. Qc2 Nd7 6. Nf3 Ngf6 7. Bg5 Be7 8.
e3 O-O 9. Bd3 Re8 10. O-O Nf8 11. Rab1 a5 12. a3 Bd6 13. Na4 Bg4 14. Nd2 Bh5
15. h3 Bg6 16. Bxg6 Nxg6 17. Nc5 Ra7 18. b4 axb4 19. axb4 h6 20. Bxf6 Qxf6 21.
Ra1 Rxa1 22. Rxa1 Nh4 23. Nf1 Qg5 24. f4 Qe7 25. Ra7 Bxc5 26. bxc5 g6 27. Qb1
Rb8 28. Kf2 Nf5 29. g3 h5 30. Qd3 Re8 31. Qb3 Rb8 32. Qc3 Re8 33. Qb3 Rb8 34.
Qd3 Kg7 35. Nd2 Re8 36. Nf1 Qd7 37. Qb3 Re7 38. Ra8 Nh6 39. Kg2 Qf5 40. Ra7 Qc8
41. Ra3 Nf5 42. Kf2 Nh6 43. Kg2 Qe8 44. Ra7 Nf5 45. Kf2 h4 46. g4 Nxe3 47. Nxe3
Qb8 48. Ra3 Qxf4+ 49. Ke2 Qxd4 50. Qc2 Qf4 0-1

[Event "ThEM Meisterturnier Finsterbergen"]
[Site "?"]
[Date "1999.??.??"]
[Round "8"]
[White "Taudte, Stefan"]
[Black "Fischer, Kay"]
[Result "1/2-1/2"]
[WhiteElo "2120"]
[BlackElo "2130"]
[PlyCount "113"]
[EventDate "1999.??.??"]

1. d4 e6 2. c4 f5 3. Nc3 Bb4 4. Nf3 Bxc3+ 5. bxc3 b6 6. Bg5 Nf6 7. e3 Bb7 8.
Be2 O-O 9. Qb3 Nc6 10. c5 Qe8 11. a4 Na5 12. Qb4 Qg6 13. h4 h6 14. Ne5 Qe8 15.
Bxf6 Rxf6 16. Rh2 Nc6 17. Nxc6 Bxc6 18. cxb6 axb6 19. f3 Ra5 20. Kf2 Qa8 21.
Rhh1 Rf8 22. Ra3 Qa7 23. Rha1 Ra8 24. c4 Qb8 25. Qe7 Rxa4 26. Rxa4 Rxa4 27.
Rxa4 Bxa4 28. Qb4 Bc6 29. f4 Qa8 30. Bf3 Bxf3 31. gxf3 Kf7 32. Qb2 Qa5 33. Qc2
Qb4 34. h5 Qe7 35. Qa4 Qd6 36. Qa7 Qc6 37. Qa6 Ke7 38. Qa3+ d6 39. Qa6 Kd7 40.
Qa2 d5 41. cxd5 Qxd5 42. Qa3 Ke8 43. Qa7 Qd7 44. Qa2 Ke7 45. Qc4 Kf7 46. e4
fxe4 47. fxe4 c5 48. dxc5 Qd2+ 49. Kf3 bxc5 50. f5 Qd1+ 51. Kg2 Qg4+ 52. Kf2
Qf4+ 53. Kg2 Qe5 54. fxe6+ Qxe6 55. Qxc5 Qxe4+ 56. Kg3 Kf6 57. Qf8+ 1/2-1/2

[Event "ThEM Meisterturnier Finsterbergen"]
[Site "?"]
[Date "1999.??.??"]
[Round "9"]
[White "Fischer, Kay"]
[Black "Kirschbaum, Gunnar"]
[Result "1/2-1/2"]
[WhiteElo "2130"]
[BlackElo "2195"]
[PlyCount "189"]
[EventDate "1999.??.??"]

1. e4 d6 2. d4 Nf6 3. Nc3 Nbd7 4. Nf3 e5 5. Bg5 Be7 6. Be2 c6 7. a4 O-O 8. Qd2
Qc7 9. O-O b6 10. h3 a6 11. Nh2 Rb8 12. f4 exd4 13. Qxd4 b5 14. Kh1 b4 15. Nd1
Nc5 16. Nf2 Ne6 17. Qd2 Nxg5 18. fxg5 Nd7 19. Nfg4 Ne5 20. Qf4 Bxg4 21. Nxg4
Nxg4 22. Qxg4 Qc8 23. Qxc8 Rfxc8 24. Bxa6 Rc7 25. h4 d5 26. b3 h6 27. gxh6 Bxh4
28. exd5 cxd5 29. Bd3 gxh6 30. Rf5 Rd8 31. g3 Be7 32. Kg2 Kg7 33. Raf1 Bg5 34.
Re5 Re7 35. Rxe7 Bxe7 36. a5 Bc5 37. Rf5 Kf8 38. Kf3 Ke7 39. Rh5 Rd6 40. a6
Rf6+ 41. Rf5 Rxf5+ 42. Bxf5 Kf6 43. Bd3 Kg5 44. Bb5 Kf6 45. Kf4 Ke6 46. Kg4 Ke5
47. Kh5 Be3 48. Be8 Kf6 49. Kg4 Ke7 50. Bb5 Kf6 51. Bd7 Ke7 52. Bc8 Kf6 53. Kf3
Bb6 54. Kf4 Bc7+ 55. Ke3 Bb6+ 56. Kd3 Ke5 57. Bd7 Kd6 58. Be8 Ke7 59. Ba4 Ke6
60. Bb5 Ke7 61. Ke2 Kd6 62. Kf3 Ke5 63. Bc6 Kd6 64. Ba8 Ke5 65. Bb7 Ke6 66. Kf4
Bc7+ 67. Kg4 Bb6 68. Kh5 Be3 69. Bc8+ Kf6 70. Bh3 Ke5 71. Bg2 Ke6 72. Kg4 Ke5
73. Bf3 Bc5 74. Kh4 Bb6 75. Bh5 Kf6 76. Kg4 Ke6 77. Kf4 Bc7+ 78. Ke3 Bb6+ 79.
Kd3 Ke7 80. c3 bxc3 81. Kxc3 Kd7 82. Bxf7 Kc7 83. Bxd5 Kb8 84. g4 Ka7 85. Bc4
Bg1 86. Kd3 Bb6 87. Ke4 Bg1 88. Kd5 Bf2 89. b4 Be3 90. Kc6 Bf2 91. b5 Be3 92.
Be2 Bf2 93. g5 hxg5 94. b6+ Bxb6 95. Bg4 1/2-1/2

[Event "ThEM Meisterturnier Finsterbergen"]
[Site "?"]
[Date "1999.??.??"]
[Round "9"]
[White "Haensel, Thomas"]
[Black "Anschuetz, Mario"]
[Result "1-0"]
[WhiteElo "2205"]
[BlackElo "2115"]
[PlyCount "159"]
[EventDate "1999.??.??"]

1. e4 e6 2. d4 d5 3. Nc3 Bb4 4. e5 c5 5. a3 Bxc3+ 6. bxc3 Qc7 7. Qg4 Ne7 8. Bd3
c4 9. Be2 Nf5 10. Qh3 Nc6 11. g4 Nfe7 12. f4 Bd7 13. Nf3 h6 14. O-O O-O-O 15.
Nh4 g5 16. fxg5 hxg5 17. Bxg5 Rdg8 18. Bf6 Rh7 19. Qg3 Qd8 20. g5 Qf8 21. Bg4
Nb8 22. Ng2 Ba4 23. Ne3 Nd7 24. h4 Kb8 25. Rf2 Ka8 26. Ng2 a6 27. Bxe7 Qxe7 28.
Qf4 Ka7 29. Qd2 Ka8 30. Rf3 Ka7 31. Raf1 Ka8 32. Qc1 Ka7 33. Qb2 a5 34. R1f2
Rgh8 35. Qc1 Rg8 36. Kf1 Nf8 37. Ke2 Nd7 38. Kd2 Rxh4 39. Nxh4 Qxg5+ 40. Rf4
Qxh4 41. Bxe6 Qh6 42. Bxd7 Rg2 43. Ke3 Rxf2 44. Kxf2 Qh2+ 45. Ke3 Qg3+ 46. Ke2
Qg2+ 47. Rf2 Qe4+ 48. Kd2 Bxd7 49. Qe1 Qg6 50. Kc1 Qh6+ 51. Qd2 Qf8 52. Kb2 Be6
53. Qg5 Qe8 54. Qf6 Qb5+ 55. Ka2 Qe8 56. Rh2 Qa4 57. Qe7 Qd7 58. Qxd7 Bxd7 59.
Rh8 Kb6 60. Rf8 Be6 61. Rd8 Kc7 62. Rd6 b6 63. Kb2 Kb7 64. Kc1 Ka6 65. Kd2 Kb5
66. a4+ Ka6 67. Ke3 Kb7 68. Kf4 Kc7 69. Kg5 Bd7 70. Kf6 Bxa4 71. Kxf7 Bxc2 72.
Rh6 Ba4 73. e6 b5 74. Rh1 b4 75. Ra1 b3 76. Rxa4 b2 77. e7 b1=Q 78. e8=Q Qf5+
79. Kg7 Qg4+ 80. Qg6 1-0

[Event "ThEM Meisterturnier Finsterbergen"]
[Site "?"]
[Date "1999.??.??"]
[Round "9"]
[White "Kottwitz, Daniel"]
[Black "Langheinrich, Ferenc"]
[Result "0-1"]
[WhiteElo "2120"]
[BlackElo "2280"]
[PlyCount "108"]
[EventDate "1999.??.??"]

1. e4 c6 2. d4 d5 3. e5 Bf5 4. h4 h6 5. g4 Bd7 6. Be3 h5 7. gxh5 Bf5 8. Bh3
Bxh3 9. Nxh3 e6 10. Qg4 Ne7 11. Nc3 Nf5 12. Ng5 Qd7 13. O-O-O Na6 14. Rh3 O-O-O
15. Kb1 Kb8 16. Bf4 Ka8 17. Rf3 Rc8 18. Be3 Bb4 19. Ne2 Ba5 20. Nf4 Bb6 21. c3
Nh6 22. Qh3 Rhe8 23. Rd2 Qe7 24. Nd3 c5 25. Rf4 cxd4 26. Bxd4 Rc6 27. Bxb6 Rxb6
28. Nc1 Qc7 29. Re2 Nc5 30. Nd3 Na6 31. Nc1 Nb8 32. Qd3 Nc6 33. Nf3 Nf5 34.
Rxf5 exf5 35. Qxf5 Na5 36. Nd3 a6 37. Ka1 Ka7 38. Re1 Nc4 39. Nd4 Nxb2 40. Nxb2
Qxc3 41. Rb1 Qxd4 42. f4 f6 43. Qd3 fxe5 44. Qxd4 exd4 45. Nd3 Rxb1+ 46. Kxb1
Rh8 47. Nc5 Rxh5 48. Kc2 Rxh4 49. Ne6 Rg4 50. Kd3 Kb6 51. Kxd4 g5 52. Nxg5
Rxf4+ 53. Ke5 Ra4 54. Kxd5 Ra5+ 0-1

[Event "ThEM Meisterturnier Finsterbergen"]
[Site "?"]
[Date "1999.??.??"]
[Round "9"]
[White "Mueller, Matthias"]
[Black "Taudte, Stefan"]
[Result "1-0"]
[WhiteElo "2395"]
[BlackElo "2120"]
[PlyCount "29"]
[EventDate "1999.??.??"]

1. e4 e6 2. d4 d5 3. Nc3 Bb4 4. e5 c5 5. a3 cxd4 6. axb4 dxc3 7. Nf3 Qc7 8. Ra3
cxb2 9. Bxb2 Nc6 10. Qd2 f6 11. Bb5 Bd7 12. Bxc6 Qxc6 13. O-O Kf7 14. exf6 gxf6
15. Bxf6 1-0

[Event "ThEM Meisterturnier Finsterbergen"]
[Site "?"]
[Date "1999.??.??"]
[Round "9"]
[White "Paehtz, Thomas Jr"]
[Black "Rohmeiss, Roberto"]
[Result "1/2-1/2"]
[WhiteElo "2160"]
[BlackElo "2030"]
[PlyCount "37"]
[EventDate "1999.??.??"]

1. e4 d6 2. d4 Nf6 3. Nc3 g6 4. f3 Bg7 5. Be3 c6 6. Qd2 b5 7. Bh6 Bxh6 8. Qxh6
Qa5 9. Qd2 Bb7 10. g4 Nbd7 11. g5 Nh5 12. a3 a6 13. Nge2 Qc7 14. Ng3 Ng7 15.
O-O-O c5 16. d5 b4 17. axb4 cxb4 18. Nce2 b3 19. Qc3 1/2-1/2

[Event "ThEM Hauptturnier Finsterbergen"]
[Site "?"]
[Date "1999.??.??"]
[Round "1"]
[White "Deuter, Lutz"]
[Black "Joerges, Frank"]
[Result "1-0"]
[WhiteElo "2028"]
[BlackElo "1855"]
[PlyCount "75"]
[EventDate "1999.??.??"]

1. e4 d5 2. Nc3 dxe4 3. Nxe4 e5 4. Bc4 Bf5 5. Qf3 Bg6 6. Ne2 Nd7 7. O-O Ngf6 8.
N2g3 Be7 9. Nxf6+ Bxf6 10. d3 c6 11. Ne4 O-O 12. Be3 Qc7 13. Bb3 a5 14. a4 Bxe4
15. dxe4 b5 16. Rfd1 Nb6 17. axb5 cxb5 18. Qe2 a4 19. Bd5 Nxd5 20. exd5 Qc4 21.
Qxc4 bxc4 22. Bc5 Rfc8 23. Bb4 e4 24. c3 Bd8 25. d6 f5 26. Rd5 g6 27. g4 fxg4
28. Re1 Kf7 29. Rxe4 h5 30. Kg2 Ra7 31. Rdd4 Kf6 32. Re8 Rd7 33. Rf4+ Kg5 34.
Rff8 Ra8 35. f4+ gxf3+ 36. Kxf3 h4 37. Bc5 Rb8 38. Be3+ 1-0

[Event "ThEM Hauptturnier Finsterbergen"]
[Site "?"]
[Date "1999.??.??"]
[Round "1"]
[White "Rauhut, Frank"]
[Black "Manger, Erika"]
[Result "1-0"]
[WhiteElo "1935"]
[BlackElo "1317"]
[PlyCount "83"]
[EventDate "1999.??.??"]

1. d4 d5 2. Nf3 e6 3. c4 Nf6 4. Nc3 Be7 5. g3 O-O 6. Bg2 dxc4 7. O-O c5 8. Qa4
cxd4 9. Nb1 Qc7 10. Nxd4 Bd7 11. Qc2 Na6 12. a3 Rac8 13. Nc3 Qb6 14. Rd1 Nc5
15. h3 e5 16. Nf5 Bxf5 17. Qxf5 Nb3 18. Be3 Bc5 19. Na4 Qa6 20. Nxc5 Nxc5 21.
Qxe5 Nb3 22. Rab1 Rcd8 23. Qe7 Rde8 24. Qxb7 Qxb7 25. Bxb7 Re7 26. Bf3 h6 27.
Kg2 a5 28. Rd6 Rc8 29. Rbd1 Kh7 30. Rd8 Rxd8 31. Rxd8 Rc7 32. Bb6 Rd7 33. Be4+
g6 34. Bc2 Rxd8 35. Bxd8 Nd5 36. Bxb3 cxb3 37. Bxa5 Kg7 38. e4 Ne7 39. Kf3 Nc6
40. Bc3+ f6 41. Ke3 Kf7 42. Kd3 1-0

[Event "ThEM Hauptturnier Finsterbergen"]
[Site "?"]
[Date "1999.??.??"]
[Round "1"]
[White "Forchmann, Anneliese"]
[Black "Lehmann, Peter"]
[Result "0-1"]
[WhiteElo "1111"]
[BlackElo "1885"]
[PlyCount "62"]
[EventDate "1999.??.??"]

1. e4 e6 2. d4 d5 3. Nc3 dxe4 4. Nxe4 Nd7 5. Be3 Ngf6 6. Bd3 Be7 7. Nf3 b6 8.
O-O Bb7 9. Ng3 c5 10. c3 cxd4 11. Nxd4 O-O 12. Qc2 Nc5 13. Rad1 Nxd3 14. Rxd3
Qd5 15. f3 Ba6 16. Rfd1 Bxd3 17. Rxd3 Bc5 18. Kh1 Qxa2 19. Bg5 Rfd8 20. Ne4
Bxd4 21. cxd4 Nxe4 22. Bxd8 Qa1+ 23. Rd1 Qxd1+ 24. Qxd1 Nf2+ 25. Kg1 Nxd1 26.
Bg5 Nxb2 27. Bc1 Nd3 28. Bd2 b5 29. Kf1 a5 30. Ke2 Nb2 31. Bc3 Nc4 0-1

[Event "ThEM Hauptturnier Finsterbergen"]
[Site "?"]
[Date "1999.??.??"]
[Round "1"]
[White "Kirste, Olaf"]
[Black "Manger, Hans Gerald"]
[Result "0-1"]
[WhiteElo "1912"]
[BlackElo "2034"]
[PlyCount "62"]
[EventDate "1999.??.??"]

1. c4 c5 2. Nc3 e6 3. Nf3 a6 4. d4 cxd4 5. Nxd4 Nf6 6. g3 Qc7 7. Qa4 Nc6 8.
Nxc6 bxc6 9. Bg2 Rb8 10. Qc2 d5 11. O-O Be7 12. cxd5 cxd5 13. Qa4+ Bd7 14. Qd4
Rb4 15. Qd2 Rc4 16. a3 O-O 17. e3 Rb8 18. Rd1 Bd6 19. f4 Rc6 20. Kh1 Bc5 21.
Qe2 Bb6 22. Na2 Rc2 23. Rd2 Rxd2 24. Qxd2 Rc8 25. h3 Bb5 26. Bf3 Ne8 27. b4 Nd6
28. Bd1 Ne4 29. Qe1 Qc4 30. Kg2 Qd3 31. Kf3 Bd4 0-1

[Event "ThEM Hauptturnier Finsterbergen"]
[Site "?"]
[Date "1999.??.??"]
[Round "1"]
[White "Krajinski, Lutz"]
[Black "Seidel, Thomas"]
[Result "0-1"]
[WhiteElo "1693"]
[BlackElo "1931"]
[PlyCount "118"]
[EventDate "1999.??.??"]

1. c4 e6 2. Nc3 f5 3. d4 Nf6 4. Nf3 d5 5. Qc2 c6 6. e3 Bd6 7. Bd3 Ne4 8. O-O
Nd7 9. b3 O-O 10. Nd2 Ndf6 11. f3 Nxc3 12. Qxc3 Qe7 13. c5 Bc7 14. Bb2 Bd7 15.
Rae1 Be8 16. e4 dxe4 17. fxe4 fxe4 18. Bxe4 Bg6 19. Bxg6 hxg6 20. Qe3 Bxh2+ 21.
Kh1 Nd5 22. Qh3 Bf4 23. Rxe6 Bxd2 24. Rxe7 Rxf1+ 25. Kh2 Nxe7 26. Qe6+ Rf7 27.
a3 Bg5 28. Bc3 Nd5 29. Be1 Bf4+ 30. g3 Be3 31. Qe4 Nf6 32. Qxg6 Bxd4 33. b4 Re8
34. Qb1 Nd5 35. Qd3 Bf6 36. Bd2 a6 37. Kh3 Rfe7 38. Qc4 Re4 39. Qb3 R8e6 40. a4
Rd4 41. Bc1 Rxb4 42. Qa2 Ree4 43. Qg2 Re5 44. Qf3 Re7 45. Qf5 Rxa4 46. g4 Ne3
47. Qc8+ Kf7 48. Bxe3 Rxe3+ 49. Kg2 Ra2+ 50. Kf1 Rb2 51. Qf5 Re5 52. Qd7+ Kg6
53. Qd3+ Kg5 54. Qd1 Re4 55. Qc1+ Rf4+ 56. Ke1 Kxg4 57. Qd1+ Kg5 58. Qc1 Kf5
59. Qd1 Bh4# 0-1

[Event "ThEM Hauptturnier Finsterbergen"]
[Site "?"]
[Date "1999.??.??"]
[Round "1"]
[White "Kraemer, Martin"]
[Black "Gebuhr, Guenter"]
[Result "0-1"]
[WhiteElo "1593"]
[BlackElo "1919"]
[PlyCount "53"]
[EventDate "1999.??.??"]

1. e4 c5 2. d4 cxd4 3. c3 dxc3 4. Nxc3 e6 5. Nf3 Nc6 6. Bc4 d6 7. O-O Nf6 8.
Qe2 Be7 9. Rd1 Bd7 10. Bf4 e5 11. Bg5 Bg4 12. Nb5 a6 13. Bxf6 gxf6 14. Na3 Nd4
15. Qd3 Bxf3 16. gxf3 Qd7 17. Kh1 Qh3 18. Rg1 Qxf3+ 19. Qxf3 Nxf3 20. Rg7 Ng5
21. Bd5 Kf8 22. Rxg5 fxg5 23. Bxb7 Rb8 24. Bxa6 Rxb2 25. Kg2 Kg7 26. Bc4 d5 27.
exd5 0-1

[Event "ThEM Hauptturnier Finsterbergen"]
[Site "?"]
[Date "1999.??.??"]
[Round "1"]
[White "Lange, Corinna"]
[Black "Dorn, Karl Heinz"]
[Result "1/2-1/2"]
[WhiteElo "1724"]
[BlackElo "1970"]
[PlyCount "71"]
[EventDate "1999.??.??"]

1. e4 e5 2. Nf3 Nc6 3. d4 exd4 4. Bc4 Nf6 5. O-O Nxe4 6. Re1 d5 7. Bxd5 Qxd5 8.
Nc3 Qa5 9. Nxe4 Be6 10. Neg5 O-O-O 11. Nxe6 fxe6 12. Rxe6 Bd6 13. Bg5 Rde8 14.
Qe1 Qxe1+ 15. Raxe1 Rxe6 16. Rxe6 Rf8 17. Bd2 Rf5 18. Re4 Rb5 19. b3 Rc5 20.
Ne1 Be5 21. b4 Rd5 22. Nd3 Bf6 23. Kf1 b6 24. Nf4 Rd8 25. b5 Ne5 26. Ne6 Nc4
27. Bf4 Re8 28. Re2 Na3 29. Nxc7 Rxe2 30. Kxe2 Nxc2 31. a4 Nb4 32. Bd2 Kxc7 33.
Bxb4 a5 34. bxa6 Kb8 35. a5 bxa5 36. Bxa5 1/2-1/2

[Event "ThEM Hauptturnier Finsterbergen"]
[Site "?"]
[Date "1999.??.??"]
[Round "1"]
[White "Ludwig, Kristin"]
[Black "Bock, Hans Juergen"]
[Result "1-0"]
[WhiteElo "2003"]
[BlackElo "1853"]
[PlyCount "33"]
[EventDate "1999.??.??"]

1. e4 e5 2. Nf3 Nc6 3. Bb5 d6 4. Bxc6+ bxc6 5. d4 Bg4 6. dxe5 Bxf3 7. Qxf3 dxe5
8. O-O Nf6 9. Rd1 Qc8 10. h3 Be7 11. Be3 Qb7 12. b3 Qb4 13. Nd2 Rd8 14. Nc4
Rxd1+ 15. Rxd1 Qc3 16. Qf5 Qxc2 17. Qc8+ 1-0

[Event "ThEM Hauptturnier Finsterbergen"]
[Site "?"]
[Date "1999.??.??"]
[Round "1"]
[White "Sieber, Stephan"]
[Black "Leibeling, Lucian"]
[Result "1-0"]
[WhiteElo "1910"]
[BlackElo "1545"]
[PlyCount "55"]
[EventDate "1999.??.??"]

1. e4 c5 2. Nf3 d6 3. d4 cxd4 4. Nxd4 Nf6 5. Nc3 Nc6 6. Be3 g6 7. f3 Bg7 8. Qd2
Bd7 9. O-O-O O-O 10. g4 a6 11. Kb1 b5 12. Nxc6 Bxc6 13. Bh6 Qc7 14. Bd3 b4 15.
Ne2 a5 16. h4 Rfc8 17. Bxg7 Kxg7 18. h5 Rh8 19. Qf4 h6 20. hxg6 fxg6 21. g5 Nh5
22. gxh6+ Rxh6 23. Qg5 e5 24. Ng3 Kh7 25. Nxh5 gxh5 26. Rxh5 Qg7 27. Qf5+ Kh8
28. Rdh1 1-0

[Event "ThEM Hauptturnier Finsterbergen"]
[Site "?"]
[Date "1999.??.??"]
[Round "1"]
[White "Steinmetzer, Peter"]
[Black "Forchmann, Georg"]
[Result "1-0"]
[WhiteElo "1875"]
[BlackElo "997"]
[PlyCount "41"]
[EventDate "1999.??.??"]

1. e4 e6 2. d4 d5 3. Nc3 Bb4 4. e5 Ne7 5. a3 Bxc3+ 6. bxc3 c5 7. Qg4 O-O 8. Nf3
Nbc6 9. Bd3 f5 10. exf6 Rxf6 11. Bg5 Rf7 12. Qh4 g6 13. Bf6 Qd6 14. Be5 Nxe5
15. Nxe5 Rf8 16. Qg3 Nf5 17. Qg5 cxd4 18. cxd4 Nxd4 19. Nxg6 hxg6 20. Qxg6+ Kh8
21. Qh7# 1-0

[Event "ThEM Hauptturnier Finsterbergen"]
[Site "?"]
[Date "1999.??.??"]
[Round "1"]
[White "Zeuner, Ulrich"]
[Black "Siegl, Detlef"]
[Result "1-0"]
[WhiteElo "1941"]
[BlackElo "1768"]
[PlyCount "89"]
[EventDate "1999.??.??"]

1. e4 e5 2. Nf3 Nf6 3. d3 d6 4. g3 g6 5. Bg2 Bg7 6. b4 O-O 7. O-O Be6 8. c4 a5
9. b5 Nbd7 10. Ng5 Nc5 11. a4 Qc8 12. Nxe6 Nxe6 13. Bh3 Qe8 14. Nc3 c6 15. bxc6
bxc6 16. Ba3 Qe7 17. Ne2 Nd7 18. Rb1 Rfb8 19. Qd2 c5 20. Rb5 Rxb5 21. axb5 Nb6
22. Ra1 a4 23. Bb2 h5 24. Bc3 Nd4 25. Nxd4 exd4 26. Ba5 Qa7 27. Bxb6 Qxb6 28.
Bd7 Bf6 29. f4 Ra7 30. Bc6 Kg7 31. f5 Be5 32. Qd1 Qa5 33. Bd5 Kf8 34. fxg6 fxg6
35. Qf3+ Kg7 36. Rf1 Qd8 37. b6 Re7 38. b7 Re8 39. Qd1 Qg5 40. Qxa4 Bxg3 41.
Qxe8 Be5+ 42. Kh1 Qh4 43. Qf8+ Kh7 44. Rf7+ Bg7 45. Qxg7# 1-0

[Event "ThEM Hauptturnier Finsterbergen"]
[Site "?"]
[Date "1999.??.??"]
[Round "2"]
[White "Bock, Hans Juergen"]
[Black "Lange, Corinna"]
[Result "1-0"]
[WhiteElo "1853"]
[BlackElo "1724"]
[PlyCount "47"]
[EventDate "1999.??.??"]

1. e4 e6 2. d4 d5 3. exd5 exd5 4. c4 Nf6 5. Nc3 Bb4 6. Bd3 O-O 7. Nge2 dxc4 8.
Bxc4 Bg4 9. O-O Bxc3 10. bxc3 Bxe2 11. Qxe2 Nc6 12. Bg5 Qd6 13. Qf3 Nd7 14. Bd3
Nb6 15. Bf4 Qf6 16. Rab1 Rac8 17. Rb5 Ne7 18. Qg3 Ng6 19. Bxc7 Rxc7 20. Qxc7
Nf4 21. Rf5 Ne2+ 22. Kh1 Qg6 23. Rf3 Qe6 24. Re3 1-0

[Event "ThEM Hauptturnier Finsterbergen"]
[Site "?"]
[Date "1999.??.??"]
[Round "2"]
[White "Manger, Hans Gerald"]
[Black "Rauhut, Frank"]
[Result "1-0"]
[WhiteElo "2034"]
[BlackElo "1935"]
[PlyCount "133"]
[EventDate "1999.??.??"]

1. d4 d5 2. Nf3 c6 3. c4 Nf6 4. Nc3 dxc4 5. e4 b5 6. e5 Nd5 7. a4 Nxc3 8. bxc3
e6 9. axb5 cxb5 10. Ng5 Bb7 11. Qh5 g6 12. Qg4 Be7 13. h4 h6 14. Nh3 h5 15. Qf4
Bxh4 16. Rh2 Be7 17. Ba3 Nd7 18. Bxe7 Qxe7 19. Ng5 Nb6 20. Qd2 Nd5 21. Ne4 a6
22. Nd6+ Kf8 23. Be2 Nb6 24. Qf4 Bc6 25. Bf3 Bxf3 26. Qxf3 Kg7 27. Kd2 Nd5 28.
g3 Rhb8 29. Rb1 Rb6 30. g4 Qg5+ 31. Kc2 Rxd6 32. exd6 Qxg4 33. Qxg4 hxg4 34.
Rbh1 Rd8 35. Rh4 Nf6 36. R1h2 Rxd6 37. Rh8 Nh5 38. Ra8 g3 39. fxg3 Nxg3 40.
Rhh8 Nf5 41. Rhg8+ Kf6 42. Rgf8 Rb6 43. Ra7 Nd6 44. Kd2 e5 45. d5 e4 46. Rc7
Ke5 47. Rc6 Rxc6 48. dxc6 Kd5 49. c7 Kc6 50. c8=Q+ Nxc8 51. Rxc8+ Kd5 52. Ra8
g5 53. Rxa6 f5 54. Rb6 Ke5 55. Rxb5+ Kf4 56. Ke2 g4 57. Rc5 g3 58. Rxc4 Kg4 59.
Rc8 f4 60. c4 f3+ 61. Kf1 e3 62. Re8 e2+ 63. Ke1 Kh3 64. Rh8+ Kg2 65. Rf8 f2+
66. Kxe2 Kh1 67. Rxf2 1-0

[Event "ThEM Hauptturnier Finsterbergen"]
[Site "?"]
[Date "1999.??.??"]
[Round "3"]
[White "Rauhut, Frank"]
[Black "Bock, Hans Juergen"]
[Result "1-0"]
[WhiteElo "1935"]
[BlackElo "1853"]
[PlyCount "55"]
[EventDate "1999.??.??"]

1. d4 d5 2. Nf3 Nf6 3. c4 dxc4 4. e3 a6 5. Bxc4 b5 6. Bd3 Bb7 7. O-O e6 8. Qe2
c5 9. dxc5 Bxc5 10. Bxb5+ Nbd7 11. Ba4 O-O 12. Rd1 Qc7 13. Bxd7 Nxd7 14. Nc3
Nf6 15. h3 Rad8 16. Rxd8 Rxd8 17. e4 Bb4 18. Bg5 Rd7 19. Rc1 Qa5 20. Bxf6 gxf6
21. a3 Bf8 22. Rd1 Rc7 23. Nd4 Bxa3 24. Ndb5 axb5 25. Qg4+ Kf8 26. Rd8+ Ke7 27.
Qg8 f5 28. e5 1-0

[Event "ThEM Hauptturnier Finsterbergen"]
[Site "?"]
[Date "1999.??.??"]
[Round "4"]
[White "Rauhut, Frank"]
[Black "Siegl, Detlef"]
[Result "1-0"]
[WhiteElo "1935"]
[BlackElo "1768"]
[PlyCount "57"]
[EventDate "1999.??.??"]

1. d4 d5 2. Nf3 Nf6 3. c4 e6 4. Nc3 Be7 5. cxd5 exd5 6. Qc2 O-O 7. Bf4 c6 8. e3
Re8 9. Bd3 Nbd7 10. h3 Nf8 11. g4 Ng6 12. Bg3 Bd6 13. Bxd6 Qxd6 14. O-O-O b5
15. g5 Nd7 16. Kb1 b4 17. Na4 a5 18. Rc1 Nb8 19. h4 Ra7 20. h5 Nf8 21. Ne5 Rc7
22. g6 fxg6 23. hxg6 h6 24. Rcg1 Nbd7 25. Nf7 Qf6 26. Nxh6+ gxh6 27. g7 Re7 28.
Bh7+ Nxh7 29. Qxh7+ 1-0